000 00450nam a22001817a 4500
005 20250703125709.0
008 250703b |||||||| |||| 00| 0 eng d
020 _a9780755327751
_qpbk
041 _aeng
082 _a823.92 SCA
100 _aScarrow Simon
245 _aThe Eagle In The Sand
_c/ Simon Scarrow
250 _a1st ed
260 _aLondon
_bHeadline
_c2006
300 _a504
_c20cm
650 _aEnglish Fiction
942 _cENGLISH
999 _c574685
_d574685